| 000 | 01012nam a2200313 i 4500 | ||
|---|---|---|---|
| 003 | EG-GICUC | ||
| 005 | 20260311130001.0 | ||
| 008 | 260311s2005 be ||||fr|||| 000 0 eng d | ||
| 020 | _a2802719831 | ||
| 040 |
_aEG-GiCUC _beng _cEG-GiCUC _dEG-GiCUC _eRda |
||
| 082 | 0 | 4 |
_221 _a341.3 _bNU . I |
| 092 | 0 | 4 | _221 |
| 099 | _aLaw1 11 341.3 NU . I 2005 | ||
| 100 | 1 |
_aNuyts, A _eAuthor. |
|
| 245 | 1 | 0 |
_aInternational Civil Litigation in Europe and Relations With Third States / _b _cA. Nuyts, N. Watte. _n |
| 264 | 1 |
_aBruxelles : _bBruylant, _c2005. |
|
| 300 |
_a685page : _billustration ; _c 24 cm. |
||
| 336 |
_2rda contenu _a texte |
||
| 337 |
_2rda medias _aOrdinateur |
||
| 338 |
_2 transporteur rda _a Ressource en ligne |
||
| 504 | _aBibliography: pages 200-250. | ||
| 546 | _aText in English | ||
| 650 | 1 | 4 |
_aPublic international law _2 |
| 651 | 1 | _2 | |
| 700 | 1 |
_aWatte, N _eeditor. |
|
| 856 | 4 | 0 | _uhttps://fll.law.cu.edu.eg/fulltext/bks/B11-08661.pdf |
| 905 | _a50 | ||
| 942 |
_2ddc _cBK _e21 _n0 |
||
| 999 |
_c66052 _d66052 |
||